Digitální zpracování a přenos obrazové informace /

Na minha lista:
Detalhes bibliográficos
Autor principal: Ptáček, Milan (Author)
Formato: Livro
Idioma:tcheco
Publicado em: Praha : NADAS, 1983
Edição:1.vyd.
Assuntos:
Tags: Adicionar Tag
Sem tags, seja o primeiro a adicionar uma tag!

MARC

LEADER 00000nam a22000003a 4500
001 stu41095
005 20150617225722.2
008 930917s1983----cs------------------cze-d
040 |a STU  |b slo 
041 0 |a cze 
044 |a cs 
080 |a 621.397.037.3 
100 1 |a Ptáček, Milan  |4 aut 
245 1 |a Digitální zpracování a přenos obrazové informace /  |c [aut.]Milan Ptáček 
250 |a 1.vyd. 
260 |a Praha :  |b NADAS,  |c 1983 
300 |a 454 s 
650 7 |a Informácie  |2 stusub 
650 7 |a prenos  |2 stusub 
650 7 |a spracovanie digitálne  |2 stusub 
996 |b 284M047574  |c M*1650-1  |l MMKN  |s A  |a 24  |w stu41095_0001